000 00461nam a2200169Ia 4500
008 090711s9999 xx 000 0 und d
082 _b75063
100 _aडंके विनायक
245 _aझपाटलेली
260 _c1994
300 _a212
600 _aडंके विनायक
630 _aझपाटलेली
700 _aडंके विनायक
730 _aझपाटलेली
942 _cBOOK
999 _c295010
_d295010